| 000 | 00479nam a22001817a 4500 | ||
|---|---|---|---|
| 003 | CEME | ||
| 005 | 20210628210733.0 | ||
| 008 | 210212b xxu||||| |||| 00| 0 eng d | ||
| 020 | _a0-7803-3409-4 | ||
| 040 | _c. | ||
| 082 | _a539.2 ISH | ||
| 100 |
_aIshimaru, Akira _980782 |
||
| 245 | _aWave propagation and scattering in random media | ||
| 260 |
_aTOKYO _bOXFORD UNIVERSITY PRESS _c1997 |
||
| 300 | _a587P | ||
| 650 |
_aWAVES SCATTERING-PHYSICS _980783 |
||
| 942 |
_cBK _2ddc |
||
| 999 |
_c585661 _d585661 |
||